Primeros países en celebrar el Año Nuevo - Estadísticas

Estadísticas generales
  • Esta prueba ha sido intentada 4.471 veces
  • La puntuación promedio es 15 de 20
Estadísticas de respuestas
Tiempo País % Correcto
+3:30 Australia
(Isla Lord Howe)
96%
+1:15 Nueva Zelanda
(Islas Chatham)
92%
+5:00 Japón
91%
+5:00 Indonesia
77%
+2:00 Rusia
75%
+2:00 Fiyi
74%
+3:00 Papúa Nueva Guinea
74%
+5:00 Corea del Sur
73%
Primer país Kiribati
73%
+3:00 Estados Federados de Micronesia
72%
+3:00 Islas Salomón
72%
+1:00 Samoa
72%
+2:00 Islas Marshall
71%
+2:00 Tuvalu
71%
+5:00 Corea del Norte
70%
+3:00 Vanuatu
69%
+1:00 Tonga
67%
+2:00 Nauru
66%
+5:00 Palaos
59%
+5:00 Timor Oriental
50%
No se encontraron pruebas coincidentes
Distribución de puntuación
Porcentaje de gente con cada puntuación
Porcentaje por número respondido
Historial de tus puntuaciones
No has intentado esta prueba.